00567 2200181 4500001002100000005001500021035002000036007000300056008004100059020002200100082002100122084002700143100001300170245006800183260007400251300004200325650001800367INLIS00000000000109320241028095726 a0010-1024000063ta241028 g 0 ind  a978 979 582 203 5 a631.86:661.152.4 a631.86:661.152.4 WID p0 aWIDOWATI1 aPupuk Organik: Dibuatnya Mudah, Hasil Tanam Melimpa /cWIDOWATI aBogor :bPusat Perpustakaan dan Penyebaran Teknologi Pertanian,c2022 aiv, 64 hlm. :bilus, ;c15 cm x 21 cm 4aPupuk Organik